000 00409cam a22001337a 4500
008 180718b1898 xxu||||| |||| 00| 0 eng d
082 _aA6x54 R861/L436
100 _aMcLeod Innes, J.J.
245 _aSir Henry Lawrence the pacificator
_cby J.J. McLeod Innes
260 _aOxford
_bClarendon Press
_c1898
300 _a208+p.
440 _aRulers of India
650 _aLawrence, Henry Montgomery, Sir, 1806-1857
999 _c438117
_d438117